000 00862nam a22002897a 4500
003 CHAP
005 20220329134200.0
008 971013s1959 r 00010 d
010 _a16647
011 _a17619
035 _a21702
040 _cCHAP
082 _a581.9093
_bH68
100 0 0 _aHowarth, W. O.
_956489
245 _aPractical botany for the tropics
260 _aLondon :
_bUniversity of London,
_c1959
300 _a238 p.
_b: ilus.
590 _aBATCH-UPD
_b10
_c20130110
_lUCH01
_h1842
590 _aBATCH-UPD
_b10
_c20130410
_lUCH01
_h1212
590 _aBATCH-UPD
_b10
_c20130914
_lUCH01
_h0728
590 _aCONVERSION
_b10
_c20130109
_lUCH01
_h1310
650 1 4 _aBotánica
_xTrópicos.
_914626
700 0 _aWarne, L. G. G.
_9121086
901 _aBK
942 _cLIBRO
949 _a581.9093 H68
_bBC
_cLIBRO
_d33724000451704
_eLIBRO
_h9650
_i21702
_si
999 _c16647
_d16647